[Event "GER-chT U10"]
[Site "Magdeburg"]
[Date "2015.12.29"]
[Round "7.4"]
[White "Reichmann, Felix"]
[Black "Strobel, Luis"]
[Result "1-0"]
[WhiteElo "1093"]
[BlackElo "875"]
[PlyCount "59"]
[EventDate "2015.12.27"]
[EventType "team-swiss"]
[EventRounds "7"]
[EventCountry "GER"]
[SourceTitle "EXT 2017"]
[Source "ChessBase"]
[SourceDate "2016.10.25"]
[SourceVersion "1"]
[SourceVersionDate "2016.10.25"]
[SourceQuality "1"]
[WhiteTeam "Berlin Nord Ost"]
[BlackTeam "Erlangen"]
[WhiteTeamCountry "GER"]
[BlackTeamCountry "GER"]

1. c4 e5 2. g3 Nf6 3. Bg2 Nc6 4. Nc3 Bb4 5. Qc2 0-0 6. Nf3 d6 7. 0-0 Bg4 8. d3 Nd4 9. Nxd4 exd4 10. Nd5 c6 11. Nxf6+ Qxf6 12. Qb3 a5 13. a3 Bxe2 14. axb4 Bxf1 15. Kxf1 axb4 16. Rxa8 Rxa8 17. Qxb4 Rb8 18. Bxc6 d5 19. Bxd5 Qf5 20. Be4 Qh3+ 21. Kg1 g6 22. Bf4 Ra8 23. Qe1 Re8 24. Qa5 Re7 25. Qd8+ Re8 26. Qxe8+ Kg7 27. Be5+ f6 28. Qe7+ Kh6 29. Bf4+ g5 30. Qxh7# 1-0